| 000 | 00436nam a2200157 i 4500 | ||
|---|---|---|---|
| 001 | 51159 | ||
| 003 | ES-MaACL | ||
| 005 | 20230906162318.0 | ||
| 007 | t| | ||
| 008 | 030811s1977 sp ||||1| spa d | ||
| 100 | 0 |
_aChao Rego, Xosé. _937997 |
|
| 245 | 1 | 0 |
_aMarcel Lefrbvre _b: un intregrismo histórico / _cJosé Chao Rego. |
| 260 |
_aMadrid : _bPecosa, _c[1977] |
||
| 300 |
_a246 p. ; _c18 cm. |
||
| 852 |
_aES-MaACL _jA-6832 _bR.95892 |
||
| 999 |
_c51159 _d51159 |
||